Globálna kríza a ekonomická veda

Za posledných desať rokov došlo približne k deviatim krízam v Spojených štátoch amerických. Hlavné faktory krízy sa objavujú už od roku 2000. Obdobie 90. rokov ako aj obdobie nového milénia je poznačené narastajúcim dlhom jednotlivých priemyselných krajín. Všeobecne sa tvrdí, že k súčasnej recesii d...

Ausführliche Beschreibung

Gespeichert in:
Bibliographische Detailangaben
1. Verfasser: Staněk, Peter
Format: Buchkapitel
Sprache:Slowakisch
Schlagworte:
Tags: Tag hinzufügen
Keine Tags, Fügen Sie das erste Tag hinzu!

MARC

LEADER 00000naa$a2200000$$$4500
001 0146270
005 20220808134211.4
041 0 |a slo 
044 |a UA 
245 1 0 |a Globálna kríza a ekonomická veda  |c Peter Staněk 
520 |a Za posledných desať rokov došlo približne k deviatim krízam v Spojených štátoch amerických. Hlavné faktory krízy sa objavujú už od roku 2000. Obdobie 90. rokov ako aj obdobie nového milénia je poznačené narastajúcim dlhom jednotlivých priemyselných krajín. Všeobecne sa tvrdí, že k súčasnej recesii došlo predovšetkým pre zlyhanie kontrolných mechanizmov. 
610 2 0 |a globalizácia 
610 2 0 |a recesia 
610 2 0 |a kríza hospodárska 
610 2 0 |a svet 
610 2 0 |a zadlženosť 
100 1 |a Staněk, Peter